| 000 | 00601nam a2200229Ia 4500 | ||
|---|---|---|---|
| 003 | OSt | ||
| 005 | 20220924144740.0 | ||
| 006 | a|||||r|||| 00| 0 | ||
| 007 | ta | ||
| 008 | 220923b |||||||| |||| 00| 0 tam d | ||
| 024 | _a320400 | ||
| 037 | _cTextual | ||
| 040 |
_aARTS _cARTS _btam |
||
| 041 |
_2tam _atam |
||
| 082 | _aO31,1N301x, L7 | ||
| 100 |
_aKavinjar Makkal Au. _9218324 |
||
| 245 | 0 | _aPattukkottai kalyanasundaram padalgal | |
| 260 | _c1977 | ||
| 650 | _aTAMIL POETRY | ||
| 942 |
_hO31,1N301x, L7 _cTEXL _2CC |
||
| 999 |
_c458144 _d458144 |
||